Central Library OPAC University of Rajshahi

Immune recognition of protein antigens : (Record no. 53784)

MARC details
000 -LEADER
fixed length control field 01202nam a2200301 a 4500
001 - CONTROL NUMBER
control field 53784
003 - CONTROL NUMBER IDENTIFIER
rucl marc code BD-RjUL
005 - DATE AND TIME OF LATEST TRANSACTION
control field 20211209080023.0
008 - FIXED-LENGTH DATA ELEMENTS--GENERAL INFORMATION
fixed length control field 161025s1989 enkaf b 100 0 eng
020 ## - INTERNATIONAL STANDARD BOOK NUMBER
International Standard Book Number 0854033831
035 ## - SYSTEM CONTROL NUMBER
System control number (BD-RjUL)53906
040 ## - CATALOGING SOURCE
Original cataloging agency LC
Language of cataloging eng
Transcribing agency LC
Modifying agency BD-RjUL
041 ## - LANGUAGE CODE
Language code of text/sound track or separate title eng
082 00 - DEWEY DECIMAL CLASSIFICATION NUMBER
Classification number 571.9646
Edition number 23
Author mark and year ROI 1989
110 2# - MAIN ENTRY--CORPORATE NAME
Corporate name or jurisdiction name as entry element Royal Society (Great Britain).
Subordinate unit Discussion Meeting,
Date of meeting or treaty signing (1988 Dec. 8-9 :
Location of meeting London, England)
9 (RLIN) 160654
245 10 - TITLE STATEMENT
Title Immune recognition of protein antigens :
Remainder of title proceedings of a Royal Society Discussion Meeting held on 6 and 7 July 1988 /
Statement of responsibility, etc. organized and edited by F. Brown and M.J. Crumpton.
260 ## - PUBLICATION, DISTRIBUTION, ETC. (IMPRINT)
Place of publication, distribution, etc. London :
Name of publisher, distributor, etc. Royal Society ;
Place of publication, distribution, etc. Port Washington, N.Y. :
Name of publisher, distributor, etc. Distributed by Scholium International,
Date of publication, distribution, etc. 1989.
300 ## - PHYSICAL DESCRIPTION
Pagination viii, 122 p. :
Illustrations ill. ;
Size 21 cm.
500 ## - GENERAL NOTE
General note Distributor from label on t.p.
504 ## - BIBLIOGRAPHY, ETC. NOTE
Bibliography, etc Includes bibliographical references.
650 #0 - SUBJECT ADDED ENTRY--TOPICAL TERM
Topical term or geographic name as entry element Immune recognition
General subdivision Congresses.
9 (RLIN) 160655
Topical term or geographic name as entry element Antigenic determinants
General subdivision Congresses.
9 (RLIN) 160656
Topical term or geographic name as entry element Proteins
General subdivision Immunology
-- Congresses.
9 (RLIN) 160657
700 1# - ADDED ENTRY--PERSONAL NAME
Personal name Brown, Fred.
Personal name Crumpton, M. J.
942 ## - ADDED ENTRY ELEMENTS (KOHA)
Source of classification or shelving scheme Dewey Decimal Classification
Koha item type Books
Holdings
Lost status Source of classification or shelving scheme Damaged status Not for loan Collection code Permanent Location Current Location Shelving location Date acquired Source of acquisition Cost, normal purchase price Total Checkouts Full call number Date last seen Copy number Koha item type
  Dewey Decimal Classification     Non-fiction Central Library, University of Rajshahi Central Library, University of Rajshahi   01/07/1997 Dhaka, Ahsania Mission Book 2606.00   571.9646 ROI 1989 25/10/2016 C-2 Books
  Dewey Decimal Classification   Not For Loan Non-fiction Central Library, University of Rajshahi Central Library, University of Rajshahi Reading Room 01/07/1997 Dhaka, Ahsania Mission Book 2606.00   571.9646 ROI 1989 13/03/2017 C-1 Books